<?xml version="1.0" encoding="UTF-8"?>
<collection xmlns="http://www.loc.gov/MARC21/slim">
 <record>
  <leader>01397nam a22002297a 4500</leader>
  <controlfield tag="001">17036</controlfield>
  <controlfield tag="003">BD-DhAAL</controlfield>
  <controlfield tag="008">240605r20022000bg a|||| |||| 00| 0 ben d</controlfield>
  <datafield tag="040" ind1=" " ind2=" ">
   <subfield code="a">BD-DhAAL</subfield>
   <subfield code="c">BD-DhAAL</subfield>
  </datafield>
  <datafield tag="041" ind1=" " ind2=" ">
   <subfield code="a">ben</subfield>
  </datafield>
  <datafield tag="082" ind1=" " ind2=" ">
   <subfield code="a">363.34095492</subfield>
  </datafield>
  <datafield tag="245" ind1=" " ind2=" ">
   <subfield code="a">ইউনিয়ন স্বেচ্ছাসেবকদের জন্য দুর্যোগ ব্যবস্থাপনার প্রশিক্ষণ সহায়িকা /</subfield>
   <subfield code="b">কেয়ার বাংলাদেশ, দুর্যোগ ব্যবস্থাপনা প্রকল্প.</subfield>
  </datafield>
  <datafield tag="250" ind1=" " ind2=" ">
   <subfield code="a">প্রথম সংস্করণ</subfield>
  </datafield>
  <datafield tag="264" ind1=" " ind2=" ">
   <subfield code="a">ঢাকা :</subfield>
   <subfield code="b">কেয়ার বাংলাদেশ, দুর্যোগ ব্যবস্থাপনা প্রকল্প,</subfield>
   <subfield code="c">২০০২.</subfield>
  </datafield>
  <datafield tag="300" ind1=" " ind2=" ">
   <subfield code="a">iii, ১২২ পৃষ্ঠা :</subfield>
   <subfield code="b">চিত্র ;</subfield>
   <subfield code="c">২৮ সে.মি.</subfield>
  </datafield>
  <datafield tag="541" ind1=" " ind2=" ">
   <subfield code="a">Brac University</subfield>
   <subfield code="e">17036</subfield>
  </datafield>
  <datafield tag="650" ind1=" " ind2=" ">
   <subfield code="a">Natural disasters</subfield>
   <subfield code="z">Bangladesh.</subfield>
   <subfield code="9">4071</subfield>
  </datafield>
  <datafield tag="710" ind1=" " ind2=" ">
   <subfield code="a">দুর্যোগ ব্যবস্থাপনা প্রকল্প.</subfield>
   <subfield code="b">কেয়ার বাংলাদেশ.</subfield>
   <subfield code="9">56510</subfield>
  </datafield>
  <datafield tag="852" ind1=" " ind2=" ">
   <subfield code="a">Ayesha Abed Library</subfield>
   <subfield code="c">General Stacks</subfield>
  </datafield>
  <datafield tag="942" ind1=" " ind2=" ">
   <subfield code="2">ddc</subfield>
   <subfield code="c">BK</subfield>
  </datafield>
  <datafield tag="999" ind1=" " ind2=" ">
   <subfield code="c">46708</subfield>
   <subfield code="d">46708</subfield>
  </datafield>
  <datafield tag="952" ind1=" " ind2=" ">
   <subfield code="0">0</subfield>
   <subfield code="1">0</subfield>
   <subfield code="2">ddc</subfield>
   <subfield code="4">0</subfield>
   <subfield code="6">363_340954920000000_DIS</subfield>
   <subfield code="7">0</subfield>
   <subfield code="9">75617</subfield>
   <subfield code="a">BRACUL</subfield>
   <subfield code="b">BRACUL</subfield>
   <subfield code="c">GEN</subfield>
   <subfield code="d">2024-06-05</subfield>
   <subfield code="e">Brac University</subfield>
   <subfield code="l">0</subfield>
   <subfield code="o">363.34095492 DIS</subfield>
   <subfield code="p">3010017036</subfield>
   <subfield code="r">2024-06-05</subfield>
   <subfield code="t">1</subfield>
   <subfield code="w">2024-06-05</subfield>
   <subfield code="y">BK</subfield>
   <subfield code="x">Brac University</subfield>
  </datafield>
 </record>
</collection>
